000 00414nam a2200181Ia 4500
001 14071
005 20260306164847.0
008 260306t2017||||xx |||||||||||||| ||spa||
041 _aESP
082 _a006.31
_bG366
100 _aGoodfellow, Ian
_eAUT
245 0 _aDeep learning
260 _c2017
300 _axxii, 775 páginas :
_c24 cm.
650 _aGEN
654 _aCCC
942 _cLIB
_dJUS
_fJUS
_2ddc
_n
999 _c14071
_d14071